000 00649nam a2200241Ia 4500
003 OSt
005 20220926014112.0
006 a|||||r|||| 00| 0
007 ta
008 220923b |||||||| |||| 00| 0 eng d
037 _cGeneral Book
040 _aRTL
_cRTL
_beng
041 _2eng
_aeng
082 _aX65, N2
100 _aMANDELL Lewis
_9319785
245 0 _aInvestment
260 _aNew York
_bmacmillan
_c1992
300 _axxix,544p
_ccm.
500 _aGlossary:p 509-28
700 _a O'BRIEN Thomas J
_9306939
942 _hX65, N2
_cGB
_2CC
999 _c627856
_d627856